Normal view
MARC view
- Mathematics
Entry Corporate Name
001 - CONTROL NUMBER
- control field: 102243
003 - CONTROL NUMBER IDENTIFIER
- control field: NUST
005 - DATE AND TIME OF LATEST TRANSACTION
- control field: 20221102122825.0
008 - FIXED-LENGTH DATA ELEMENTS
- fixed length control field: 221102|| aca||aabn | a|a d
040 ## - CATALOGING SOURCE
- Original cataloging agency: NUST
- Transcribing agency: NUST
110 ## - HEADING--CORPORATE NAME
- Corporate name or jurisdiction name as entry element: Mathematics
670 ## - SOURCE DATA FOUND
- Source citation: Work cat.: (NUST)198667: Minhas, Ghulam Yasin 102242, Technical Mathematics 123 /, 2013
